[Event "IND-ch U15"]
[Site "Jammu"]
[Date "2015.09.21"]
[Round "1"]
[White "Sankalp, Arora"]
[Black "Dhananjay"]
[Result "0-1"]
[WhiteElo "1444"]
[BlackElo "2187"]
[PlyCount "90"]
[EventDate "2015.09.21"]
[EventType "swiss"]
[EventRounds "11"]
[EventCountry "IND"]
[SourceTitle "EXT 2016"]
[Source "ChessBase"]
[SourceDate "2015.10.08"]
[SourceVersion "1"]
[SourceVersionDate "2015.10.08"]
[SourceQuality "1"]

1. d4 Nf6 2. Nf3 e6 3. c4 b6 4. g3 Be7 5. Bg2 Bb7 6. Nc3 0-0 7. 0-0 Ne4 8. Qc2 Nxc3 9. bxc3 f5 10. a4 Be4 11. Qa2 Qc8 12. Ba3 Bxa3 13. Qxa3 Nc6 14. Ra2 Na5 15. Qb4 c5 16. dxc5 Nxc4 17. cxb6 Nxb6 18. Rc1 Nd5 19. Qd4 Rd8 20. c4 Nb4 21. Rb2 a5 22. Nd2 Bxg2 23. Kxg2 Qc6+ 24. f3 Qxa4 25. Nb3 Nc6 26. Qd2 Qb4 27. Nd4 Qxd2 28. Rxd2 Nxd4 29. Rxd4 Kf7 30. Ra1 Ke7 31. c5 Rdc8 32. Rc4 Rc6 33. e4 fxe4 34. fxe4 Kf6 35. Rd1 Ra7 36. Rcd4 Ke7 37. Rc4 Rac7 38. Rdc1 d6 39. cxd6+ Kxd6 40. Rxc6+ Rxc6 41. Ra1 Ra6 42. Kf3 Kc5 43. Kf4 a4 44. Ke5 a3 45. Rb1 Kc4 0-1